Neurofeedback - liečba budúceho tisícročia?

Bibliographic Details
Other Authors: Mrižo, Marián (Interviewer)
Format: Article
Language:Slovak
Subjects:

MARC

LEADER 00000nab a2200000 a 4500
001 vtls000797408
003 SK-MaSNL
005 20260305021208.0
008 140716c2000 xo 0 slo
015 |a SNBRB2002/07-21816 
035 |a CLN000149063 
040 |a SNKBUCL  |b slo  |c SNKBUCL  |e AACR2 
041 0 |a slo 
044 |a xo  |c SK 
080 |a 612.833.81:612.855.5  |2 1997 
100 1 |a Mrižo, Marián  |4 ivr  |9 1440234 
245 1 0 |a Neurofeedback - liečba budúceho tisícročia?  |c Marián Mrižo, Ján Džugan 
650 0 7 |a mozog  |2 snkbucl  |9 18594 
650 0 7 |a spätná väzba  |2 snkbucl  |9 264228 
650 0 7 |a terapeutika  |2 snkbucl  |9 21659 
650 0 7 |a neurológia  |2 snkbucl  |9 908 
650 0 7 |a poruchy zníženej pozornosti, s hyperaktivitou  |2 snkbucl  |9 1597632 
650 0 7 |a epilepsia  |2 snkbucl  |9 13484 
650 0 7 |a migréna  |2 snkbucl  |9 2530 
650 0 7 |a rozhovor  |2 snkbucl  |9 23484 
650 0 7 |a neurofeedback  |2 snkbucl  |9 23087 
650 0 7 |a dysfunkcie mozgové  |2 snkbucl  |9 1597633 
655 7 |a články z novín a časopisov  |2 snkbucl  |9 267496 
700 1 |a Džugan, Ján  |4 ive  |9 8155 
773 0 |t Lekárnik  |g Roč. 5, č. 1 (2000), s. 19 
850 |a Slovenská národná knižnica v Martine 
852 |a SNK  |b KIS3GCP 
958 |a MI 
992 |a RBX 
999 |c 3284313  |d 3286243